000 00756nam a2200217Ii 4500
003 JO-AjNU
008 230605s9999||||xx |||||||||||||| ||und||
017 _a2006/2099
020 _a977-327-608-2
040 _aJO-AjNU
_bara
_erda
_cJO-AjNU
041 _aara
050 1 4 _aLB2805.B32 2006
100 3 _aبدران، شبل,
_eauthor
_935579
245 0 0 _aالأصول الفلسفية والإجتماعية للإدارة المدرسية
264 3 1 _aالإسكندرية:دار الوفاء،2006
300 _a211ص
336 _atext
_btxt
_2rdacontent
337 _aunmediated
_bn
_2rdamedia
338 _avolume
_bnc
_2rdacarrier
650 4 _aالإدارة التعليمية. المدارس-دارة . التربية-فلسفة
_935580
999 _aA14703
_c18271
_d18271